Responses for Show #8102 - Tuesday, November 26, 2019

Contestants

[<< previous game]

Ian Norris, an insurance broker from Fort Lauderdale, Florida

Julie Chang, a product strategist from New York, New York

Beth Stewart, a receptionist from Naperville, Illinois (whose 1-day cash winnings total $39,601)

[next game >>]

Jeopardy! Round responses

BIG BODIES OF WATER
WHAT DO "I" STAND FOR
DEEP STUFF
LIFE IN PLYMOUTH COLONY
(Sarah: From Plymouth Plantation, clues about [*]. Some of the sights and sounds of the way the Pilgrims lived.)
AFTER WINNING THE HEISMAN
SCRAMBLED EGGS
    $200 1
the Pacific

Beth
    $200 5
(Julie: What is [*] Revenue Service?)
(Alex: You gave us more than we needed, but you're right.)

Internal

Julie
    $200 13
Deep Space Nine

Beth
    $200 15
a thatched

Julie
    $200 4
(Tim) Tebow

Julie
    $200 24
deviled

Beth
    $400 2
the Mediterranean

Julie
    $400 6
irritable

Julie
    $400 14
(Ian: What is the dark web?)

search engines

Ian
Triple Stumper
    $400 17
the harvest

Julie
    $400 9
FSU (Florida State)

Ian
    $400 25
(Julie: What is... Whew.)
(Alex: No, not "whew".)

over easy

BethJulie
    $600 3
(Julie: What is the Atlantic?)

the Arctic

JulieIan
    $600 7
inch

Julie
    $600 21
(Alex: I don't want to see Nicolas Cage's face on Amy Adams' body.)
[Laughter]

Deepfake

Triple Stumper
    $600 18
the Victorian era

Beth
    $600 10
Bo Jackson

Ian
    $600 26
poached

Julie
    $800 19
(Beth: What is the Coral Sea?)
(Julie: What is Kamchatka Sea?)
(Ian: What is the Bering Sea?)

the Sea of Japan

BethJulieIan
Triple Stumper
    $800 8
injection

Ian
    $800 22
Amana

Beth
    $800 29
(Ian: Who is Pocahontas?)

Squanto

Ian
Triple Stumper
    $800 11
Cam Newton

Ian
    $800 27
Benedict

Beth
    $1,200 20
(Alex: Now's the time for [*], yes.)

the Bering Sea

Beth
    $1000 16
Identification

Beth
    $1000 23
deep vein thrombosis

Beth
    $1000 30
a grist mill

Beth
    $1000 12
Johnny Manziel

Ian
    $1000 28
soft-boiled

Triple Stumper

Scores at the first commercial break (after clue 15):

Beth Julie Ian
$400 $1,400 $3,800

Scores at the end of the Jeopardy! Round:

Beth Julie Ian
$6,600 $1,200 $2,200

Double Jeopardy! Round responses

MUSICAL QUOTES
FUN WITH G20 COUNTRIES
PLAY DOCTOR
"TRON" LEGACY
(Alex: Each response will end with those four letters.)
AMERICAN CATHEDRALS
MEETING GOD
    $400 4
Einstein

Beth
    $400 1
Turkey

Julie
    $400 9
Henry VIII

Julie
    $400 10
patron

Julie
    $400 22
Angels

Beth
    $400 19
football

Ian
    $800 5
Barry Manilow

Beth
    $800 2
the United States & the United Kingdom

Triple Stumper
    $1,800 14
Uncle Vanya

Beth
    $800 11
a Jumbotron

Beth
    $800 27
the Masons

Beth
    $800 20
(Ian: What is Life of Brian?)

Monty Python and the Holy Grail

BethIan
    $1200 6
(Ian: What are hymns?)
(Alex: Mm...)

gospel

Ian
    $1200 3
Brazil

Ian
    $1200 13
Peer Gynt

Beth
    $1200 12
Megatron

Julie
    $2,000 28
(Beth: What is Paris?)
...
(Beth: Oh.)
(Alex: We're talking about America.)
(Beth: I've been there, too.)

New Orleans

Beth
    $1200 21
Jim Carrey

Julie
    $1600 7
Handel

Julie
    $1600 17
South Africa & Saudi Arabia

Triple Stumper
    $1600 15
Invalid

Triple Stumper
    $1600 25
a cyclotron

Triple Stumper
    $1600 29
Episcopalian

Beth
    $1600 23
(Beth: Who is "Bu-shee-mi"?)

(Steve) Buscemi

Beth
    $2000 8
Wagner

Ian
    $2000 18
the European Union

Triple Stumper
    $2000 16
Last Summer

Beth
    $2000 26
Scantron

Julie
    $2000 30
(Julie: What is St. Thomas?)
(Beth: What is St. Patrick's?)

the Cathedral of St. John the Divine

BethJulie
Triple Stumper
    $2000 24
Alanis Morissette

Beth

Scores at the end of the Double Jeopardy! Round:

Beth Julie Ian
$16,800 $6,400 $6,200
(lock game)

[wagering suggestions for these scores]

Final Jeopardy! Round responses

POLITICAL PHRASES
IanWhat is OK?
$6,100
JulieWhat is Fear Itself
$6,400
BethWhat is itself
$2,800
New Deal

Final scores:

Beth Julie Ian
$14,000 $0 $100
2-day champion: $53,601 3rd place: $1,000 2nd place: $2,000

Game dynamics:

Coryat scores:

Beth Julie Ian
$17,600 $6,400 $6,200
23 R
(including 2 DDs),
3 W
(including 1 DD)
15 R,
4 W
10 R,
4 W

Combined Coryat: $30,200

[game clues] [game scores] [suggest correction]

Game tape date: 2019-09-25
The J! Archive is created by fans, for fans. Scraping, republication, monetization, and malicious use prohibited; this site may use cookies and collect identifying information. See terms. The Jeopardy! game show and all elements thereof, including but not limited to copyright and trademark thereto, are the property of Jeopardy Productions, Inc. and are protected under law. This website is not affiliated with, sponsored by, or operated by Jeopardy Productions, Inc. Join the discussion at JBoard.tv.